000 00281nam a2200121Ia 4500
008 190216s9999||||xx |||||||||||||| ||und||
100 _aHaniw M W
245 0 _a25 Point Socio Economic Program
260 _bS Chand & Co
_c1977
300 _a148p
650 _aEconomics
942 _cBK
999 _c9601
_d9601